Normal view MARC view
  • Organic Chemistry

Entry Topical Term

Number of records used in: 1

001 - CONTROL NUMBER

  • control field: 73945

003 - CONTROL NUMBER IDENTIFIER

  • control field: OSt

005 - DATE AND TIME OF LATEST TRANSACTION

  • control field: 20220806112557.0

008 - FIXED-LENGTH DATA ELEMENTS

  • fixed length control field: 220806|| aca||aabn | a|a d

040 ## - CATALOGING SOURCE

  • Original cataloging agency: OSt
  • Transcribing agency: OSt

150 ## - HEADING--TOPICAL TERM

  • Topical term or geographic name entry element: Organic Chemistry

670 ## - SOURCE DATA FOUND

  • Source citation: Work cat.: (OSt)41201: Finar, I. L. 73944, Organic Chemistry, Volume-2: Stereochchemistry and the Chemistry and the Chemistry Natural Products, 2014